Paesi dell'Oceania con mappa - Statistics

Statistiche generali
  • Questo quiz è stato fatto 230 volte
  • Il punteggio medio è 11 su 14
Risposte nella Mappa
Le risposte nella mappa del quiz sottostante sono codificate secondo una scala di colori dal rosso al verde in base alla % di persone che hanno risposto correttamente.
 
Statistiche sulle risposte
Risposta % Corretto
australia
100%
nuova zelanda
98%
papua nuova guinea
93%
isole marshall
84%
figi
82%
micronesia
82%
isole salomone
80%
kiribati
78%
nauru
75%
samoa
75%
tuvalu
74%
palau
73%
vanuatu
72%
tonga
69%
Nessun quiz corrispondente trovato
Distribuzione punteggi
Percentuale di utenti per punteggio
Percentile per numero di risposta
I tuoi punteggi nel tempo
Non hai fatto questo quiz